| 000 | 00601nam a2200181Ia 4500 | ||
|---|---|---|---|
| 008 | 090124s9999 xx 000 0 und d | ||
| 082 |
_b6919 _a5321 |
||
| 100 | _aसरदेसाई लक्ष्मणराव | ||
| 245 | _a मांडवी तू आटलीस | ||
| 250 | _a1 | ||
| 260 | _c1947 | ||
| 300 | _a232 | ||
| 600 | _aसरदेसाई लक्ष्मणराव | ||
| 630 | _a मांडवी तू आटलीस | ||
| 700 | _aसरदेसाई लक्ष्मणराव | ||
| 730 | _a मांडवी तू आटलीस | ||
| 942 | _cBOOK | ||
| 999 |
_c120860 _d120860 |
||